00945nam a22002417a 450000500170000001000130001702000260003003500130005603700240006903700190009308200110011210000270012324500850015026000380023527000640027330000360033749000560037350000330042970000340046294200250049699900170052195201650053820111220104914.0 aB-444612 c100.00a9788179914953 aB-444612 bPopular Parakashan  bBlue Berry/Ven a363.73 aKamath, Anjali 937517 aChoking planet :bour pollution crisis /cby Anjali Kamath; edited by Anand Mani bPopular Prakashancc2009aMumbai  a301, Mahalaxmi, 22, Bhulabhai Desai Road, bMumbai e400026 a48p.:bcol. photos c28cm(pbk)  aBrainworks a kangaroo kids initiative series937518 aIncludes glossary and index  aBhattacharya, Sreshtha937231 2ddccCHmKAMh363.73 c59684d59684 001040708NFICaLbLd2011-12-23eBlue Berry/7042/29.9.11/83/21.3.11/12.10.11g100.00l0o363.73 KAMpB-444612r2011-12-23 00:00:00t1v100.00w2011-12-23yCH